01134nab a22002297a 4500003000400000005001700004008004100021040000700062100002500069245009100094260007200185300001300257500003900270505014100309505015300450505008900603650002000692650002400712650001200736650001900748773013700767OSt20260115182008.0190605e xxu||||| |||| 00| 0 spa d cPJ aPanozzo, Octavio R. 10aAnálisis jurídico y económico del despido discriminatorio /cOctavio R. Panozzo. aCiudad Autónoma de Buenos Aires :bThomson Reuters La Ley,c2022. ap. 83-89 aCita: TR LALEY AR/DOC/3161/2022.  a Sumario: I. Introducción.— II. Breviario de la causa.— III. Despido arbitrario.— IV. Despido discriminatorio.— V. Epílogo.  aFallo comentado: CNTrab., sala V ~ 30/05/2022 ~ A., P. G. c. Casino Buenos Aires SA Compañia de Inversiones en Entretenimientos SA UTE s/ despido. t¿Te interesa el texto completo? Solicitalo al correo: koha@justierradelfuego.gov.ar 0aDERECHO LABORAL 0aCONTRATO DE TRABAJO 0aDESPIDO 0aDISCRIMINACION0 02711dCiudad Autónoma de Buenos Aires : Thomson Reuters La Ley, 1999-2002.tRevista de derecho del trabajo. Nº 6 - Noviembre 2022